000 01574nam a2200409 i 4500
001 29059
003 KOSZ 005
005 20200616093829.0
008 s1989 pl f |000 0 pol
020 _a8301091541
022 _a0084-5477
040 _cKOSZ 005
_aKOSZ 005
_dKOSZ 005/EG
041 _apol
080 _a664.017
080 _a664.014
245 0 0 _aPrzegląd i analiza krajowych badań w dziedzinie technologii i chemii żywności w latach 1981-1985 /
_c[kom. red. Nina Baryłko-Pikielna, Stanisław Zmarlicki, Maria Łapińska-Hanftwurcel] ; Polska Akademia Nauk Wydział Nauk Rolniczych i Leśnych.
260 _aWarszawa :
_bPaństwowe Wydawnictwo Naukowe,
_c1989.
300 _a247, [1] s. ;
_c24 cm.
336 _2rdacontent
_aTekst
_btxt
337 _2rdamedia
_aBez urządzenia pośredniczącego
_bn
338 _2rdacarrier
_aWolumin
_bnc
380 _aKsiążki
388 _a1901-2000
388 _a1945-1989
490 _aZeszyty Problemowe Postępów Nauk Rolniczych ;
_vz. 383
650 7 _aChemia
650 7 _aŻywność
650 7 _aPrzemysł rolno-spożywczy
658 _aChemia
658 _aRolnictwo i leśnictwo
700 1 _aBaryłko-Pikielna, Nina
_d(1930-2019)
_eRedakcja
700 1 _aZmarlicki, Stanisław
_eRedakcja
700 1 _aŁapińska-Hanftwurcel, Maria
_eRedakcja
710 2 _aPaństwowe Wydawnictwo Naukowe
_4pbl
856 _uhttp://koha.tu.koszalin.pl/cgi-bin/koha/opac-detail.pl?biblionumber=29059
_yKatalog online BPK
942 _cKS
_2UKD
999 _c29059
_d29059